Wszystkie smaki serka Rolmlecz - Statystyki

Ogólne statystyki
  • Ten quiz został rozwiązany 7 razy
  • Średni wynik to 6 z 11
Statystyki odpowiedzi
Hint Odpowiedź % Poprawnych
klasyczny Czekoladowy
100%
klasyczny Truskawkowy
100%
klasyczny Waniliowy
100%
klasyczny Naturalny
50%
klasyczny Straciatella
50%
letni smak Tropikalny (mango, ananas, pomarańcza)
50%
letni smak Agrest z czerwoną porzeczką
25%
zimowy smak Gruszka w karmelu
25%
zimowy smak Pomarańcza z imbirem
25%
zimowy smak Śliwka w czekoladzie
25%
klasyczny Waniliowy z laską wanilii
25%
Nie znaleziono quizów pasujących do podanych kryteriów
Rozkład punktacji
Procent ludzi z każdym wynikiem
Percentyl według liczby udzielonych odpowiedzi
Twoja historia wyników
Nie rozwiązałeś tego quizu